000 00566nam a2200193Ia 4500
005 20250508170112.0
008 008 250505s9999 xx 000 0 hin d
037 _aTheses
040 _aFEDL
_beng
_cFEDL
041 _ahin
_2eng
084 _a305.42, GOS/TH
_qFEDL
100 _aGoswami Neha
_9555344
245 0 _aMahila evam purush sahitye lekhan mein parilakshit gender sanrachna
260 _c2020
300 _a206p.
546 _aPh.D Thesis (Delhi University); C D Included
942 _cTH
_h305.42, GOS/TH
999 _c1399227
_d1399227